000 00502cam a22001934a 4500
005 20250605164320.0
008 250528s ||||||||||||||||||||||||d
035 _a22868
020 _a9781861521552
040 _aGR-AtMCL
_bgre
_dGR-AtMCL
_eAACR2
245 1 _aMARKETING RESEARCH / MEASURE, METHOD AND APPLICATION
250 _a1
260 _bInternational Thomson Business Press,
_c1999
300 _a334
700 1 _aKent Raymont
_92102
942 _cBK
999 _c7912
_d7912